| 000 | 00374pab a2200145 454500 | ||
|---|---|---|---|
| 008 | 180718b2009 xxu||||| |||| 00| 0 eng d | ||
| 100 | _aBakir, Caner | ||
| 245 | _aThe governance of financial regulatory reform: the Australian experience | ||
| 260 | _c2009 | ||
| 300 | _ap.910-22. | ||
| 650 | _aFinance | ||
| 773 | _aPublic Administration | ||
| 908 | _aN | ||
| 909 | _a85418 | ||
| 999 |
_c85418 _d85418 |
||